Capital Cities listed by the alphabetical order of their Country - Statistics

General Stats
  • This quiz has been taken 766 times
    98 since last reset
  • The average score is 118 of 196
Answer Stats
Continent Capital City % Correct
Asia Kabul
98%
Europe Tirana
98%
Africa Algiers
95%
Europe Andorra la Vella
95%
Europe Brussels
90%
South America Buenos Aires
90%
Oceania Canberra
90%
South America La Paz
90%
Europe Minsk
90%
Europe Vienna
90%
South America Brasilia
88%
Africa Luanda
88%
North America Nassau
85%
Europe Sarajevo
85%
Asia Baku
83%
Europe Sofia
83%
North America Belmopan
80%
North America Bridgetown
80%
Asia Dhaka
80%
North America Ottawa
80%
North America Saint John's
80%
South America Santiago
80%
Asia Yerevan
80%
South America Bogota
78%
Europe Budapest
78%
Europe Copenhagen
78%
Europe Dublin
78%
Europe Helsinki
78%
Europe Luxembourg
78%
Europe Paris
78%
Europe Pristina
78%
South America Quito
78%
Europe Riga
78%
North America Santo Domingo
78%
Europe Tallinn
78%
Europe Vaduz
78%
Europe Athens
76%
Asia Baghdad
76%
Asia Jakarta
76%
Europe Prague
76%
Europe Reykjavik
76%
Europe Rome
76%
Asia Tehran
76%
Asia Amman
73%
Europe Berlin
73%
South America Georgetown
73%
North America Guatemala City
73%
North America Kingston
73%
Asia Manama
73%
Asia New Delhi
73%
North America Roseau
73%
North America San Salvador
73%
Asia Tokyo
73%
Europe Vilnius
73%
Europe Monaco
71%
Africa Nairobi
71%
North America Port-au-Prince
71%
North America Tegucigalpa
71%
Europe Zagreb
71%
Africa Addis Ababa
68%
Asia Astana
68%
Asia Bandar Seri Begawan
68%
Asia Bishkek
68%
Africa Djibouti
68%
Asia Jerusalem
68%
Africa Ouagadougou
68%
Europe Podgorica
68%
Africa Porto-Novo
68%
Oceania Suva
68%
Asia Beijing
66%
Africa Cairo
66%
Africa Gaborone
66%
North America Havana
66%
Asia Kuwait City
66%
Asia Nicosia
66%
Europe Oslo
66%
North America Saint George's
66%
North America San Jose
66%
Europe Skopje
66%
South America Asuncion
63%
Europe Chisinau
63%
Africa Gitega
63%
South America Lima
63%
North America Mexico City
63%
Africa Monrovia
63%
Asia Phnom Penh
63%
Asia Thimphu
63%
Asia Vientiane
63%
Africa Yaounde
63%
Africa Asmara
61%
Asia Beirut
61%
Asia Kuala Lumpur
61%
Africa Libreville
61%
North America Managua
61%
Africa N'Djamena
61%
Africa Tripoli
61%
Europe Valletta
61%
Europe Amsterdam
59%
Africa Antananarivo
59%
Africa Bamako
59%
Africa Bangui
59%
Africa Banjul
59%
Africa Bissau
59%
Europe Bucharest
59%
Asia Dili
59%
Africa Kinshasa
59%
Oceania Majuro
59%
Asia/Europe Moscow
59%
Africa Praia
59%
Asia Pyongyang
59%
Europe Warsaw
59%
Oceania Wellington
59%
Africa Abuja
56%
Europe Lisbon
56%
Asia Male
56%
Africa Maputo
56%
Africa Maseru
56%
Africa Mbabane
56%
Africa Moroni
56%
Asia Muscat
56%
Africa Niamey
56%
North America Panama City
56%
Europe San Marino
56%
Oceania South Tarawa
56%
Asia Tbilisi
56%
Asia Ulaan Baatar
56%
Africa Windhoek
56%
Africa Accra
54%
Asia Islamabad
54%
Africa Lilongwe
54%
Africa Malabo
54%
Oceania Palikir
54%
Africa Conakry
51%
Asia Naypyidaw
51%
Africa Rabat
51%
Oceania Yaren
51%
Europe Bratislava
49%
North America Castries
49%
Africa Harare
49%
North America Kingstown
49%
Oceania Ngerulmud
49%
Africa Nouakchott
49%
Africa Port Louis
49%
Oceania Port Moresby
49%
Europe Vatican City
49%
Oceania Apia
46%
North America Basseterre
46%
Europe Belgrade
46%
Europe Bern
46%
Asia Doha
46%
Asia Kathmandu
46%
Africa Kigali
46%
Europe Ljubljana
46%
Europe London
46%
Africa Lusaka
46%
Asia Manila
46%
Europe Stockholm
46%
Africa Yamoussoukro
46%
South America Caracas
44%
South America Montevideo
44%
Africa Sao Tome
44%
North America Washington
44%
Asia Abu Dhabi
41%
Africa Brazzaville
41%
South America Paramaribo
41%
Asia/Europe Ankara
39%
Africa Dakar
39%
Africa Juba
39%
Europe Kiev
39%
Asia Sana'a
39%
Asia Singapore
39%
Asia Damascus
37%
Asia Hanoi
37%
Africa Khartoum
37%
Oceania Port Vila
37%
Africa Pretoria
37%
Asia Seoul
37%
Asia Tashkent
37%
Asia Bangkok
34%
Africa Kampala
34%
Europe Madrid
34%
Africa Mogadishu
34%
North America Port-of-Spain
34%
Asia Riyadh
34%
Asia Ashgabat
32%
Africa Dodoma
32%
Africa Freetown
32%
Oceania Honiara
32%
Asia Taipei
32%
Africa Tunis
32%
Asia Dushanbe
29%
Oceania Funafuti
29%
Oceania Nukualofa
29%
Asia Sri Jayawardenapura Kotte
29%
Africa Lome
24%
Africa Victoria
24%
No matching quizzes found
Score Distribution
Percent of People with Each Score
Percentile by Number Answered
Your Score History
You have not taken this quiz since the last reset